| 000 | 01004 a2200193 4500 | ||
|---|---|---|---|
| 001 | 38164 | ||
| 005 | 20260407155646.0 | ||
| 008 | 260407a1970 arg spa d | ||
| 003 | AR-UNSa-BCEJYS | ||
| 040 |
_aAR-UNSa-BCEJYS _bspa _cAR-UNSa-BCEJYS |
||
| 080 |
_a658.8 _xOrganización de mercados. Marketing. Ventas. Distribución |
||
| 245 | 1 | 0 | _aEstrategia de comercialización |
| 264 | 1 |
_aBuenos Aires : _bEdiciones Macchi _c1970 |
|
| 300 |
_a470 p _c23 cm. |
||
| 505 | _a1. Teoría de los sistemas y de su acción - 2. Modelo general de comercialización - 3. Teoría microeconómica de la competencia perfecta - 4. Posibilidades de aplicación en nuestro medio de herramientas modernas de comercialización - 5. Objetivización - 6. Investigación - 7. La estrategia del producto - 8. La estrategia del precio - 9. La estrategia de comunicación - 10. La estrategia de logística - 11. La estrategia integrada | ||
| 942 | _cBK | ||
| 590 | _aniveau_biblio:m niveau_hierar:0 | ||
| 100 | 1 | _aLevy, Alberto R. | |
| 999 |
_c2857 _d2857 |
||